000 00478nam a22001817a 4500
005 20251108170921.0
008 250721s1990 xx 000 0 ara d
082 1 4 _a628/جمي
100 1 _aعويدات، جميل
245 1 0 _aتلوث البيئة و إنحسار الجمال /
264 1 _aعمان :
_c1990.
300 _a40ص
650 1 7 _aالبيئة
650 1 7 _aالتلوث
650 1 7 _aالهندسة الصحية
942 _2ddc
_cBK
999 _c52064
_d52064